000 01451cam a2200361 a 4500
001 EDZ0000063551
003 StDuBDS
005 20161031105105.0
006 m||||||||d||||||||
007 cr |||||||||||
008 120315s2002 cau fo| 001|0|eng|d
020 _a9781452231174 (ebook) :
_cNo price
040 _aStDuBDS
_beng
_cStDuBDS
_epn
049 _aAlfaisal Main Library
050 0 _aHF5381
_b.H13163 2002
082 0 4 _a650.14
_223
100 1 _aHall, Douglas T.,
_d1940-
245 1 0 _aCareers in and out of organizations
_h[electronic resource] /
_cDouglas T. Hall.
260 _aThousand Oaks, Calif. ;
_aLondon :
_bSAGE,
_cc2002.
300 _a1 online resource (xviii, 344 p.).
490 1 _aFoundations for organizational science
520 8 _aThis book provides an overview of the changing context of careers and describes the role of interpersonal relationships as influences on development of a person's identity and learning.
521 _aSpecialized.
588 _aDescription based on print version record.
504 _aIncludes bibliographical references and index.
650 0 _aCareer development.
655 7 _aElectronic books.
_2local
710 2 _aSage eBooks
776 0 8 _iPrint version :
_z9780761915478
830 0 _aFoundations for organizational science.
856 4 0 _uhttp://ezproxy.alfaisal.edu/login?url=http://sk.sagepub.com/books/careers-in-and-out-of-organizations
942 _2lcc
_cEBOOKS
999 _c479140
_d479140